| 000 | 00882nam a2200241 a 4500 | ||
|---|---|---|---|
| 001 | BRCA_597 | ||
| 005 | 20190320203059.0 | ||
| 008 | 951127s1993 sp-a---##b---#000-0#spa-# | ||
| 040 |
_aDLC _cDLC _dDLC |
||
| 050 | 4 |
_aN3410.8 _b.S28 1993 |
|
| 100 | 1 |
_aSánchez-Pacheco, Trinidad _92054 |
|
| 245 | 1 | 0 |
_aMuseo de Cerámica _bPalacio de Pedralbes Barcelona _cTrinidad Sánchez-Pacheco, M. Antonia Casanovas, Maria Dolors Giral. |
| 260 |
_aZaragoza _bIberCaja _cc1993 |
||
| 300 |
_a104 p. _bil. a color _c28 cm. |
||
| 440 | 0 |
_aColección monumentos y museos _92055 |
|
| 504 | _aBibliografía: p. 101 | ||
| 610 | 2 | 4 |
_aBarcelona (España) _bMuseo de Cerámica _vCatálogos _92056 |
| 650 | 1 | 4 |
_aCerámica española _vCatálogos _91350 |
| 650 | 1 | 4 |
_aCerámica _vCatálogos _zEspaña _92057 |
| 700 | 1 |
_aCasanovas, Maria Antonia _d1951- _92058 |
|
| 700 | 1 |
_aGiral, Maria Dolors _92059 |
|
| 942 |
_2lcc _cB |
||
| 999 |
_c525 _d525 |
||